| 000 | 01054nmm a2200313 a 4500 | ||
|---|---|---|---|
| 001 | ocm0001916757 | ||
| 003 | TR-IsHL | ||
| 005 | 20201028174429.0 | ||
| 008 | 180919s2017 tu tur | ||
| 007 | cr cn | ||
| 020 | _a9786059579179 | ||
| 035 |
_a1916757 _b(N$T) |
||
| 050 | 0 | 4 |
_aPL248.K39 _bK8 2017 |
| 090 | 0 | 4 |
_aPL248.K39 _bK8 2017 |
| 100 | 1 | _aKaybal, Ali | |
| 245 | 1 | 0 |
_aKurşunla noktalanan sevdalar _h[electronic resource] / _cAli Kaybal ; genel yayın yönetmeni Burak Kılıçaslan |
| 250 | _a1. Basım | ||
| 260 |
_aBursa : _bÜlküm Eğitim Kültür Yayınları, _c2017 |
||
| 300 | _a480 p. | ||
| 500 |
_aDış kapakta " Belgesel - Roman" _x |
||
| 650 | 4 | _aDil ve Edebiyat | |
| 650 | 4 | _aLanguage and Literature | |
| 650 | 0 |
_aÜlkücülük _x Türkiye |
|
| 650 | 0 | _aBelgesel roman | |
| 650 | 0 | _aDocumentary fiction | |
| 650 | 7 |
_aLITERARY COLLECTIONS / Middle Eastern _2bisacsh |
|
| 700 | 1 | _aKılıçaslan, Burak | |
| 856 | 4 | 0 | _uhttp://search.ebscohost.com/login.aspx?direct=true&scope=site&db=e011xww&AN=1916757 |
| 999 |
_c18116 _d18116 |
||